[Event "XIII MIEDZYNARODOWY FESTIWAL SZACHOWY PERLA BALTYKU - GRUPA A"]
[Site "LAZY - OW BRYZA"]
[Date "1899-12-30"]
[Round "1.1"]
[White "Przerwa, Waldemar"]
[Black "Kaczmarek, Aleksander"]
[Result "0-1"]
[WhiteTitle "I"]
[BlackTitle "FM"]
[WhiteElo "1780"]
[BlackElo "2363"]

1. e4 c6 2. Nf3 d5 3. Nc3 Bg4 4. exd5 cxd5 5. d4 Nc6 6. Be2 e6 7. O-O Bd6 8. Be3
Nge7 9. Ne1 Bxe2 10. Nxe2 O-O 11. c3 Ng6 12. g3 Rc8 13. Nd3 Na5 14. b3 Qd7 15.
Qd2 Nc6 16. c4 Nce7 17. c5 Bb8 18. h4 Nf5 19. h5 Nxe3 20. Qxe3 Ne7 21. Ne5 Qc7
22. Nf4 Nf5 23. Qd3 Nxd4 24. Ng4 Qxc5 25. h6 Bxf4 26. hxg7 Kxg7 27. gxf4 Qc3 28.
Qd1 f6 29. Ne3 Kh8 30. Kh2 Nc2 31. Nxc2 Qxc2 32. Qd4 Qg6 33. Rg1 Qh5+ 34. Kg2
Rc2 35. Qd3 Rfc8 36. Rge1 Rg8+ 0-1

[Event "XIII MIEDZYNARODOWY FESTIWAL SZACHOWY PERLA BALTYKU - GRUPA A"]
[Site "LAZY - OW BRYZA"]
[Date "1899-12-30"]
[Round "1.2"]
[White "Wozniak, Mariola"]
[Black "Lascar, Radoslawa"]
[Result "1-0"]
[WhiteTitle "WIM"]
[BlackTitle "I+"]
[WhiteElo "2204"]
[BlackElo "1775"]

1. e4 c5 2. Nf3 Nc6 3. d4 cxd4 4. Nxd4 Nf6 5. Nc3 e5 6. Ndb5 d6 7. Bg5 a6 8. Na3
b5 9. Nd5 Be7 10. Bxf6 Bxf6 11. c4 b4 12. Nc2 a5 13. g3 Bg5 14. h4 Bh6 15. Bh3
Be6 16. Kf1 O-O 17. Kg2 Ra7 18. Qd3 Rb7 19. b3 g6 20. h5 Qg5 21. Rad1 Rd7 22.
f4 exf4 23. Nxf4 Re8 24. Ne3 Bg7 25. Ned5 Ne5 26. Qf1 Ng4 27. Qe2 Ne5 28. hxg6
Nxg6 29. Bxe6 fxe6 30. Rh5 Qd8 31. Ne3 Be5 32. Nxg6 hxg6 33. Qg4 Qf6 34. Rf1 Qg7
35. Rg5 Rf7 36. Rxg6 Ree7 37. Rxf7 1-0

[Event "XIII MIEDZYNARODOWY FESTIWAL SZACHOWY PERLA BALTYKU - GRUPA A"]
[Site "LAZY - OW BRYZA"]
[Date "1899-12-30"]
[Round "1.3"]
[White "Gorkiewicz, Mateusz"]
[Black "Swiech, Przemyslaw"]
[Result "0-1"]
[WhiteTitle "II+"]
[BlackTitle "I++"]
[WhiteElo "1764"]
[BlackElo "2176"]

1. e4 c5 2. Nf3 Nc6 3. d4 cxd4 4. Nxd4 e5 5. Nb5 d6 6. N1c3 a6 7. Na3 b5 8. Nd5
Nce7 9. c4 Nxd5 10. cxd5 f5 11. exf5 Bxf5 12. Bd3 Bxd3 13. Qxd3 Nf6 14. O-O Be7
15. Be3 O-O 16. Nc2 Ng4 17. a4 Nxe3 18. Qxe3 Bg5 19. Qd3 Rc8 20. Nb4 Qb6 21. axb5
axb5 22. Ra6 Qc5 23. Nc6 e4 24. Qg3 Qxd5 25. Qg4 e3 26. f4 Bf6 27. Rc1 Qd2 28.
Raa1 e2 29. Ne7+ Bxe7 30. Qe6+ Kh8 31. Rxc8 Qd4+ 32. Kh1 Qd1+ 0-1

[Event "XIII MIEDZYNARODOWY FESTIWAL SZACHOWY PERLA BALTYKU - GRUPA A"]
[Site "LAZY - OW BRYZA"]
[Date "1899-12-30"]
[Round "1.4"]
[White "Sygulski, Pawel"]
[Black "Wojcik, Jagoda"]
[Result "1-0"]
[WhiteTitle "k"]
[BlackTitle "I+"]
[WhiteElo "2143"]
[BlackElo "1730"]

1. e4 e5 2. Nf3 Nf6 3. Nxe5 d6 4. Nf3 Nxe4 5. Nc3 Nxc3 6. dxc3 Be7 7. Be3 Nc6 8.
Qd2 Bf5 9. Bd3 Qd7 10. h3 O-O-O 11. O-O-O Ne5 12. Bxf5 Qxf5 13. Nd4 Qg6 14. f4
Nc4 15. Qd3 d5 16. Qxg6 hxg6 17. Rd3 Rhe8 18. Bd2 Bd6 19. Nb5 Re2 20. Nxd6+ Rxd6
21. b3 Nxd2 22. Rxd2 Re4 23. Rf1 Kd7 24. f5 g5 25. Rd4 Re2 26. Rg4 f6 27. h4 Re4
28. Rxe4 dxe4 29. hxg5 fxg5 30. Re1 Rd5 31. g4 Re5 32. Kd2 Ke7 33. Ke3 Kf6 34.
Rd1 Re7 35. Rd4 g6 36. fxg6 Kxg6 37. Ra4 a6 38. Rxe4 Rh7 39. a4 Kf6 40. a5 Rd7
41. Rb4 c6 42. Rd4 Re7+ 43. Re4 Rh7 44. b4 Rh2 45. Kd3 Rg2 46. c4 Kf7 47. c3 Rg1
48. Kd4 Rg3 49. Kc5 Rxc3 50. Re5 Kf6 51. Rf5+ Kg6 52. Rf8 Rg3 53. Rb8 Rxg4 54.
Rxb7 Rf4 55. Rc7 g4 56. Rxc6+ Kh7 57. Re6 Rf1 58. Re4 g3 59. Rg4 Rg1 60. b5 axb5
61. cxb5 g2 62. Kb6 Kh6 63. a6 Kh5 64. Rg8 1-0

[Event "XIII MIEDZYNARODOWY FESTIWAL SZACHOWY PERLA BALTYKU - GRUPA A"]
[Site "LAZY - OW BRYZA"]
[Date "1899-12-30"]
[Round "1.5"]
[White "Grzesik, Gracjan"]
[Black "Hilarecki, Grzegorz"]
[Result "1-0"]
[WhiteTitle "I"]
[BlackTitle "k"]
[WhiteElo "1712"]
[BlackElo "2105"]

1. e4 d5 2. exd5 Qxd5 3. Nc3 Qa5 4. Bc4 Nf6 5. h3 Bf5 6. d3 c6 7. Nge2 e6 8. O-O
Be7 9. Re1 O-O 10. Nd4 Re8 11. Bf4 Bb4 12. Re5 b5 13. a4 Bxc3 14. bxc3 Qxc3 15.
Ne2 Qb4 16. axb5 Nbd7 17. Rb1 Qa5 18. Ra1 Qb4 19. Rb1 Qe7 20. Re3 cxb5 21. Rxb5
Bg6 22. Rb7 Rec8 23. Qa1 Qc5 24. Rb5 Qf8 25. Ra5 Nb6 26. Bb3 Nbd5 27. Rg3 Nxf4
28. Nxf4 Qe7 29. h4 Rc5 30. h5 Rxa5 31. Qxa5 Bf5 32. h6 g6 33. Qe5 Rc8 34. Nd5
1-0

[Event "XIII MIEDZYNARODOWY FESTIWAL SZACHOWY PERLA BALTYKU - GRUPA A"]
[Site "LAZY - OW BRYZA"]
[Date "1899-12-30"]
[Round "1.6"]
[White "Mielczarski, Miroslaw"]
[Black "Wysocki, Mieczyslaw"]
[Result "1-0"]
[WhiteTitle "k"]
[BlackTitle "I"]
[WhiteElo "2095"]
[BlackElo "1702"]

1. d4 f5 2. c4 Nf6 3. Nc3 g6 4. Nf3 Bg7 5. g3 c6 6. Bg2 e6 7. O-O O-O 8. d5 exd5
9. cxd5 cxd5 10. Nxd5 Nc6 11. Bg5 h6 12. Nxf6+ Bxf6 13. Bxh6 Re8 14. Qd2 Qe7 15.
Rfe1 d6 16. Bg5 Be6 17. b3 Rad8 18. Rad1 Kf7 19. h4 Rh8 20. e4 Ne5 21. Bxf6 Nxf3+
22. Bxf3 Qxf6 23. exf5 gxf5 24. Bd5 Rhe8 25. Rxe6 Rxe6 26. Re1 Rde8 27. Rxe6 Rxe6
28. Qe3 b6 29. Kg2 Qe5 30. Qxe5 dxe5 31. g4 f4 32. f3 Kf6 33. Bxe6 Kxe6 34. Kf2
Kd5 35. h5 Ke6 36. Ke2 b5 37. Kd3 a5 38. Ke4 Kf6 39. h6 a4 40. bxa4 bxa4 41. h7
1-0

[Event "XIII MIEDZYNARODOWY FESTIWAL SZACHOWY PERLA BALTYKU - GRUPA A"]
[Site "LAZY - OW BRYZA"]
[Date "1899-12-30"]
[Round "1.7"]
[White "Straszewski, Tomasz"]
[Black "Nowak, Mikolaj"]
[Result "0-1"]
[WhiteTitle "II+"]
[BlackTitle "I++"]
[WhiteElo "1672"]
[BlackElo "2080"]

1. e4 e5 2. Nf3 Nc6 3. Bc4 Bc5 4. b4 Bxb4 5. c3 Be7 6. d4 Na5 7. Nxe5 Nxc4 8. Nxc4
d5 9. Ne5 Nf6 10. exd5 Qxd5 11. O-O c5 12. Bf4 O-O 13. Qd3 b6 14. Nd2 Bb7 15.
f3 Rfd8 16. Nb3 Nh5 17. Qe3 cxd4 18. cxd4 a5 19. Rfd1 a4 20. Nc1 Nxf4 21. Qxf4
Bd6 22. Ne2 f6 23. Nc3 Qa5 24. Qg4 fxe5 25. Ne4 Bxe4 26. Qxe4 exd4 0-1

[Event "XIII MIEDZYNARODOWY FESTIWAL SZACHOWY PERLA BALTYKU - GRUPA A"]
[Site "LAZY - OW BRYZA"]
[Date "1899-12-30"]
[Round "1.8"]
[White "Mazalon, Mariusz"]
[Black "Ciesielski, Jan"]
[Result "0-1"]
[WhiteTitle "k"]
[BlackTitle "II+"]
[WhiteElo "2050"]
[BlackElo "1669"]

1. d4 d5 2. c4 c6 3. Nf3 Nf6 4. Qc2 e6 5. g3 Nbd7 6. Bg2 Be7 7. O-O O-O 8. Rd1
dxc4 9. Qxc4 Nb6 10. Qc2 Nbd5 11. Nc3 b6 12. e4 Nxc3 13. bxc3 Bb7 14. c4 b5 15.
e5 Ne8 16. h4 h6 17. c5 Nc7 18. Qe4 Nd5 19. Qg4 Kh7 20. Bf1 Kh8 21. Bd3 Qc8 22.
Qh5 f5 23. Bxh6 gxh6 24. Qxh6+ Kg8 25. g4 Rf7 26. gxf5 Rh7 27. Qd2 exf5 28. Kh1
Bxh4 29. Nh2 Be7 30. Rg1+ Kf7 31. Rg2 Qe6 32. Rag1 Rah8 33. f4 Rh4 34. Rf1 Nc7
35. Bc2 Qd5 36. Bb3 Rxh2+ 37. Kg1 Rxg2+ 38. Qxg2 Rg8 39. Bxd5+ Nxd5 40. Qxg8+
Kxg8 41. Kf2 0-1

[Event "XIII MIEDZYNARODOWY FESTIWAL SZACHOWY PERLA BALTYKU - GRUPA A"]
[Site "LAZY - OW BRYZA"]
[Date "1899-12-30"]
[Round "1.9"]
[White "Karpinski, Andrzej"]
[Black "Zerafa, Patrick"]
[Result "1/2-1/2"]
[WhiteTitle "I"]
[BlackTitle "CM"]
[WhiteElo "1658"]
[BlackElo "2046"]

1. e4 e5 2. Nf3 Nc6 3. d4 exd4 4. Nxd4 Bc5 5. Be3 Qf6 6. c3 d6 7. Be2 Nge7 8. O-O
O-O 9. Nxc6 Nxc6 10. Bxc5 dxc5 11. Nd2 b6 12. Nc4 Bb7 13. f4 Rad8 14. Qc2 1/2-1/2

[Event "XIII MIEDZYNARODOWY FESTIWAL SZACHOWY PERLA BALTYKU - GRUPA A"]
[Site "LAZY - OW BRYZA"]
[Date "1899-12-30"]
[Round "1.10"]
[White "Sernecki, Franciszek"]
[Black "Kukula, Karol"]
[Result "1-0"]
[WhiteTitle "I"]
[BlackTitle "I"]
[WhiteElo "2039"]
[BlackElo "1656"]

1. e4 c5 2. Nf3 e6 3. d4 cxd4 4. Nxd4 Nf6 5. Nc3 Nc6 6. g3 d5 7. exd5 Nxd5 8. Bg2
Bb4 9. O-O Bxc3 10. Nxc6 bxc6 11. bxc3 O-O 12. Ba3 Ba6 13. Re1 Re8 14. c4 Ne7
15. Qxd8 Raxd8 16. Red1 Ng6 17. Bxc6 Rxd1+ 18. Rxd1 Rc8 19. Bb5 Bxb5 20. cxb5
h6 21. Rd7 Rxc2 22. Rxa7 Rxa2 23. b6 Ne5 24. Bd6 1-0

[Event "XIII MIEDZYNARODOWY FESTIWAL SZACHOWY PERLA BALTYKU - GRUPA A"]
[Site "LAZY - OW BRYZA"]
[Date "1899-12-30"]
[Round "1.12"]
[White "Wacior, Maciej"]
[Black "Rejniak, Zuzanna"]
[Result "1-0"]
[WhiteTitle "I++"]
[BlackTitle "I+"]
[WhiteElo "2025"]
[BlackElo "1628"]

1. d4 Nf6 2. Nf3 g6 3. Bf4 Bg7 4. h3 c5 5. e3 O-O 6. c3 d5 7. Bd3 Nc6 8. Nbd2 a6
9. Bh2 b5 10. dxc5 Nd7 11. Nb3 b4 12. Nfd4 Bb7 13. Nxc6 Bxc6 14. Nd4 Qc8 15. cxb4
e5 16. Nxc6 Qxc6 17. Qc1 e4 18. Be2 Ne5 19. O-O Rfe8 20. Rd1 a5 21. a3 axb4 22.
axb4 Rab8 23. Ra6 Qb7 24. b5 Ra8 25. c6 Qe7 26. Rxa8 Rxa8 27. c7 Rc8 28. b6 Qb4
29. Ba6 Re8 30. c8=Q Rxc8 31. Qxc8+ Bf8 32. b7 Qa4 33. Rf1 Qxa6 34. Bxe5 d4 35.
b8=Q Qxc8 36. Qxc8 d3 37. Bd6 d2 38. Qxf8# 1-0

[Event "XIII MIEDZYNARODOWY FESTIWAL SZACHOWY PERLA BALTYKU - GRUPA A"]
[Site "LAZY - OW BRYZA"]
[Date "1899-12-30"]
[Round "1.13"]
[White "Zabron, Maksym"]
[Black "Budnik, Mateusz"]
[Result "0-1"]
[WhiteTitle "I"]
[BlackTitle "I++"]
[WhiteElo "1625"]
[BlackElo "1989"]

1. d4 c5 2. d5 Nf6 3. c4 b5 4. cxb5 a6 5. b6 d6 6. Nc3 g6 7. e4 Bg7 8. Bd3 O-O
9. Nf3 Qxb6 10. O-O Nbd7 11. a4 a5 12. Qe2 Ng4 13. Bb5 Nge5 14. Nd2 Nb8 15. Kh1
Qc7 16. f4 Ned7 17. Nc4 Nb6 18. Nxb6 Qxb6 19. Be3 Na6 20. Rad1 Rb8 21. Rd2 Nc7
22. e5 Nxb5 23. axb5 Bd7 24. e6 fxe6 25. dxe6 Bxb5 26. Nxb5 Qxb5 27. Rf2 Qxe2
28. Rfxe2 Rf6 29. Kg1 Rxe6 30. Kf2 Rb3 31. g3 Kf7 32. h4 a4 33. g4 Rexe3 34. Rxe3
Bd4 35. Rxd4 Rxb2+ 36. Ke1 cxd4 37. Ra3 Rg2 38. Rxa4 Rxg4 0-1

[Event "XIII MIEDZYNARODOWY FESTIWAL SZACHOWY PERLA BALTYKU - GRUPA A"]
[Site "LAZY - OW BRYZA"]
[Date "1899-12-30"]
[Round "1.14"]
[White "Litner, Igor"]
[Black "Zamarska, Sylwia"]
[Result "1-0"]
[WhiteTitle "I+"]
[BlackTitle "I++"]
[WhiteElo "1949"]
[BlackElo "1622"]

1. d4 d5 2. c4 c6 3. Nc3 Nf6 4. Nf3 e6 5. Bg5 Be7 6. e3 Nbd7 7. Bd3 b6 8. O-O Bb7
9. cxd5 Nxd5 10. Bxe7 Qxe7 11. Rc1 Nxc3 12. Rxc3 O-O 13. Be4 Rfc8 14. Qc2 Nf6
15. Bxc6 Nd5 16. Bxd5 Rxc3 17. bxc3 Bxd5 18. e4 Bc4 19. Rc1 Qa3 20. Nd2 Bd3 21.
Qd1 Qxa2 22. c4 Rc8 23. c5 Qb2 24. c6 Qxd4 25. Nf3 Qb2 26. c7 Qb5 27. Rc3 h6 28.
Qxd3 Qxd3 29. Rxd3 Rxc7 30. Kf1 Kf8 31. Ke2 Ke7 32. Nd4 a6 33. Ra3 Rc4 34. Kd3
Rc1 35. Rxa6 Rg1 36. g3 Rg2 37. Ke3 Rxh2 38. Rxb6 Rh1 39. e5 Re1+ 40. Ne2 Ra1
41. Rb7+ Ke8 42. Rb8+ Ke7 43. Rg8 Ra3+ 44. Ke4 g6 45. f3 Ra4+ 46. Nd4 Rc4 47.
g4 Rc1 48. Rh8 Re1+ 49. Kd3 Rd1+ 50. Ke3 h5 51. gxh5 gxh5 52. Rxh5 Re1+ 53. Kf4
Rb1 54. Rh8 Rb4 55. Ke4 Rb1 56. Ra8 Rb7 57. Ra7 Rxa7 58. Nc6+ Kf8 59. Nxa7 Kg7
60. Nc6 f6 61. exf6+ Kxf6 62. Nd4 e5 63. Nc6 1-0

[Event "XIII MIEDZYNARODOWY FESTIWAL SZACHOWY PERLA BALTYKU - GRUPA A"]
[Site "LAZY - OW BRYZA"]
[Date "1899-12-30"]
[Round "1.15"]
[White "Pietras, Maksymilian"]
[Black "Kapral, Krzysztof"]
[Result "1/2-1/2"]
[WhiteTitle "II+"]
[BlackTitle "k"]
[WhiteElo "1615"]
[BlackElo "1939"]

1. d4 d5 2. Nf3 Nf6 3. c4 e6 4. Nc3 c5 5. cxd5 exd5 6. g3 Nc6 7. Bg2 Be7 8. O-O
O-O 9. Bg5 h6 10. Be3 cxd4 11. Nxd4 Re8 12. h3 Bd6 13. Qd2 Qe7 14. Nxc6 bxc6 15.
Bd4 Bf5 16. Rac1 Rac8 17. Bxf6 Qxf6 18. e3 h5 19. Ne2 Bd7 20. Qd4 Qd8 21. h4 Rb8
22. Qd2 g6 23. Nd4 Qb6 24. b3 Bb4 25. Qd1 Bf8 26. Nf3 Bg7 27. Qc2 Rbc8 28. Rfd1
Bg4 29. Rd2 Bf5 30. Qc5 Rb8 31. Nd4 Bd7 32. Kh2 Bf6 33. Bh3 Bxd4 34. Rxd4 Bxh3
35. Kxh3 1/2-1/2

[Event "XIII MIEDZYNARODOWY FESTIWAL SZACHOWY PERLA BALTYKU - GRUPA A"]
[Site "LAZY - OW BRYZA"]
[Date "1899-12-30"]
[Round "1.16"]
[White "Darowicki, Mariusz"]
[Black "Wolaniecki, Patryk"]
[Result "1-0"]
[WhiteTitle "I++"]
[BlackTitle "I"]
[WhiteElo "1931"]
[BlackElo "1597"]

1. d4 Nf6 2. c4 e6 3. g3 c5 4. d5 exd5 5. cxd5 d6 6. Nc3 g6 7. Nf3 Bg7 8. Bg2 O-O
9. O-O Re8 10. Bf4 a6 11. a4 b6 12. Nd2 Nh5 13. Be3 Nd7 14. Nde4 Ne5 15. Bg5 f6
16. Bc1 f5 17. Ng5 Ra7 18. Ne6 Bxe6 19. dxe6 Kh8 20. e4 fxe4 21. Nxe4 Rxe6 22.
Bg5 Qf8 23. Qd5 Qg8 24. Rad1 Rd7 25. Bh3 Nf3+ 26. Kg2 Rxe4 27. Qxg8+ Kxg8 28.
Kxf3 Ree7 29. Bxe7 Rxe7 30. Rxd6 b5 31. Be6+ Kf8 32. b3 bxa4 33. bxa4 a5 34. Rb1
Ra7 35. Bc4 Bc3 36. Rb8+ Kg7 37. Rdb6 Nf6 38. R8b7+ Rxb7 39. Rxb7+ Kh6 40. h4
g5 41. hxg5+ Kxg5 42. Bd3 Kh6 43. Kf4 Nh5+ 44. Kg4 Nf6+ 45. Kf5 Nd5 46. Ke6 Nf6
47. Rf7 Kg5 48. f4+ Kg4 49. Rxf6 Bxf6 50. Kxf6 Kxg3 51. Ke5 h5 52. f5 h4 53. f6
h3 54. f7 h2 55. Be4 c4 56. f8=Q c3 57. Qf4+ Kh3 58. Qf3+ Kh4 59. Kf5 c2 60. Qg4#
1-0

[Event "XIII MIEDZYNARODOWY FESTIWAL SZACHOWY PERLA BALTYKU - GRUPA A"]
[Site "LAZY - OW BRYZA"]
[Date "1899-12-30"]
[Round "1.17"]
[White "Starosta, Martyna"]
[Black "Czaplewska, Klara"]
[Result "0-1"]
[WhiteTitle "WCM"]
[BlackTitle "k+"]
[WhiteElo "1591"]
[BlackElo "1920"]

1. e4 e5 2. Nf3 Nc6 3. Bc4 Bc5 4. c3 Nf6 5. d4 exd4 6. cxd4 Bb4+ 7. Bd2 Bxd2+ 8.
Nbxd2 O-O 9. e5 d5 10. Bd3 Nh5 11. Qc2 f5 12. exf6 Re8+ 13. Kf1 Nxf6 14. Ng5 h6
15. Ngf3 Nb4 16. Qb1 Nxd3 17. Qxd3 Ne4 18. Ne5 Bf5 19. Nxe4 Bxe4 20. Qg3 Qf6 21.
Rc1 Qa6+ 22. Ke1 Qxa2 23. Rxc7 Qb1+ 24. Ke2 Qxb2+ 25. Ke1 Qa1+ 26. Ke2 Qa6+ 27.
Kd1 g5 28. Qc3 Qb6 29. Nd7 Qb1+ 30. Kd2 Qa2+ 31. Kd1 Qxf2 32. Qh3 Qxd4+ 33. Kc1
Qa1+ 34. Kd2 Qa5+ 35. Kd1 Qxc7 36. Nf6+ Kg7 37. Nxe8+ Rxe8 38. Qb3 Rc8 39. Qb2+
Qc3 40. Qxb7+ Rc7 41. Qb5 Bc2+ 0-1

[Event "XIII MIEDZYNARODOWY FESTIWAL SZACHOWY PERLA BALTYKU - GRUPA A"]
[Site "LAZY - OW BRYZA"]
[Date "1899-12-30"]
[Round "1.18"]
[White "Lada, Ireneusz"]
[Black "Szeliga, Sebastian"]
[Result "1-0"]
[WhiteTitle "k"]
[BlackTitle "II"]
[WhiteElo "1916"]
[BlackElo "1310"]

1. c4 Nf6 2. Nc3 e6 3. e4 d6 4. d4 b6 5. g3 Bb7 6. Bg2 Nbd7 7. Nge2 Be7 8. O-O
c5 9. Re1 Qc7 10. b3 Rd8 11. f4 cxd4 12. Nxd4 Nc5 13. Bb2 a6 14. Qc2 e5 15. Nf5
O-O 16. Nd5 Bxd5 17. cxd5 Rc8 18. b4 Nb7 19. Qa4 Ra8 20. Rac1 Qd7 21. Qxd7 Nxd7
22. Nxe7+ Kh8 23. Rc7 Nf6 24. Rxb7 b5 25. fxe5 dxe5 26. Bxe5 Ng4 27. Bd4 Rfe8
28. Nf5 Kg8 29. Bxg7 Red8 30. e5 f6 31. h3 Nxe5 32. Nh6# 1-0

[Event "XIII MIEDZYNARODOWY FESTIWAL SZACHOWY PERLA BALTYKU - GRUPA A"]
[Site "LAZY - OW BRYZA"]
[Date "1899-12-30"]
[Round "1.19"]
[White "Kabacinski, Krzysztof"]
[Black "Tustanowski, Mateusz"]
[Result "0-1"]
[WhiteTitle "II"]
[BlackTitle "I++"]
[WhiteElo "1556"]
[BlackElo "1916"]

1. f4 d5 2. Nf3 Nf6 3. b3 g6 4. Bb2 Bg7 5. e3 c5 6. Bb5+ Bd7 7. a4 O-O 8. O-O Bg4
9. h3 Bxf3 10. Qxf3 c4 11. Bxc4 dxc4 12. Qxb7 Nbd7 13. Na3 cxb3 14. cxb3 Qb8 15.
Qxb8 Raxb8 16. Nb5 a6 17. Nd4 Ne4 18. Ra3 Ndc5 19. Bc3 Bxd4 20. Bxd4 Nxb3 21.
d3 Nxd4 22. dxe4 Rb3 23. Rxb3 Nxb3 0-1

[Event "XIII MIEDZYNARODOWY FESTIWAL SZACHOWY PERLA BALTYKU - GRUPA A"]
[Site "LAZY - OW BRYZA"]
[Date "1899-12-30"]
[Round "1.20"]
[White "Bartoszewicz, Marcin"]
[Black "Losinska, Aleksandra"]
[Result "1/2-1/2"]
[WhiteTitle "I++"]
[BlackTitle "I"]
[WhiteElo "1915"]
[BlackElo "1551"]

1. e4 c5 2. Nf3 e6 3. d4 cxd4 4. Nxd4 a6 5. g3 d5 6. e5 Qc7 7. f4 Bc5 8. Nb3 Ba7
9. Nc3 Ne7 10. Bd3 Nbc6 11. a3 Bd7 12. Bd2 Nd4 13. Nxd4 Bxd4 14. Qg4 Ng6 15. h4
O-O-O 16. O-O-O Rdg8 17. Qe2 Ne7 18. Be3 Bxc3 19. bxc3 Qxc3 20. Qf2 Nc6 21. Bc5
Na5 22. Kb1 Ba4 23. Ka2 Nc4 24. Rb1 Qd2 25. Qd4 Bxc2 26. Bxc2 Qxc2+ 27. Ka1 Qd2
28. Qg1 Qc3+ 29. Ka2 Qd2+ 30. Ka1 Qc3+ 31. Ka2 Qd2+ 32. Ka1 Qc3+ 1/2-1/2

[Event "XIII MIEDZYNARODOWY FESTIWAL SZACHOWY PERLA BALTYKU - GRUPA A"]
[Site "LAZY - OW BRYZA"]
[Date "1899-12-30"]
[Round "1.21"]
[White "Bucko, Wieslaw"]
[Black "Malaczek, Mateusz"]
[Result "0-1"]
[WhiteTitle "II"]
[BlackTitle "II+"]
[WhiteElo "1549"]
[BlackElo "1905"]

1. d4 g6 2. c4 Bg7 3. Nc3 c5 4. e3 cxd4 5. exd4 Nf6 6. Nf3 O-O 7. Be2 b6 8. O-O
d5 9. Bf4 Bb7 10. Ne5 Nc6 11. Rc1 dxc4 12. Nxc6 Bxc6 13. Bxc4 Nd5 14. Bg5 Qd7
15. Re1 Rfe8 16. Ne2 h6 17. Bh4 Rad8 18. Bg3 Qb7 19. Qb3 b5 20. Bd3 b4 21. Qc2
Rc8 22. Be4 e6 23. f3 f5 24. Bxd5 Bxd5 25. Qa4 Bc6 26. Qb3 a5 27. Qe3 g5 28. Be5
Bd5 29. b3 f4 30. Qd3 Bxe5 31. dxe5 Qb6+ 32. Kh1 Kg7 33. Nd4 Rcd8 34. Red1 a4
35. Qc2 axb3 36. axb3 Re7 37. Qf2 Qb7 38. h4 Red7 39. Qe2 Qb6 40. h5 Kg8 41. Qc2
Rg7 42. Rd2 g4 43. Qc5 Qxc5 44. Rxc5 gxf3 45. Nxf3 Ra8 46. Rb5 Ra1+ 47. Kh2 Rb1
48. Rxb4 Rxb3 49. Rxb3 Bxb3 50. Rd8+ Kh7 51. Rd6 Bd5 52. Rd8 Bxf3 53. gxf3 Rg5
54. Rf8 Rxh5+ 55. Kg2 Rg5+ 56. Kf2 Rf5 57. Rxf5 exf5 58. Kg2 Kg6 59. Kh3 Kf7 60.
Kh4 Ke6 61. Kh5 Kxe5 62. Kxh6 Kd4 0-1

[Event "XIII MIEDZYNARODOWY FESTIWAL SZACHOWY PERLA BALTYKU - GRUPA A"]
[Site "LAZY - OW BRYZA"]
[Date "1899-12-30"]
[Round "1.22"]
[White "Jedrocha, Katarzyna"]
[Black "Dluzynski, Krzysztof"]
[Result "1-0"]
[WhiteTitle "k"]
[BlackTitle "II"]
[WhiteElo "1898"]
[BlackElo "1547"]

1. e4 c6 2. d4 d5 3. Nc3 dxe4 4. Nxe4 Bf5 5. Ng3 Bg6 6. Nf3 e6 7. h4 h6 8. h5 Bh7
9. Bd3 Bxd3 10. Qxd3 Nd7 11. Bf4 Ngf6 12. O-O-O Nd5 13. Bd2 a5 14. Kb1 Qc7 15.
Ne4 Be7 16. g3 b5 17. c3 O-O 18. g4 c5 19. g5 c4 20. Qc2 f5 21. gxh6 b4 22. hxg7
Kxg7 23. Rdg1+ Kh8 24. Bh6 Rg8 25. Neg5 Bxg5 26. Nxg5 bxc3 27. bxc3 Rab8+ 28.
Ka1 Qb6 29. Rb1 Qc6 30. Rxb8 Rxb8 31. Re1 Re8 32. Qxf5 N7f6 33. Nf7+ 1-0

[Event "XIII MIEDZYNARODOWY FESTIWAL SZACHOWY PERLA BALTYKU - GRUPA A"]
[Site "LAZY - OW BRYZA"]
[Date "1899-12-30"]
[Round "1.23"]
[White "Budrewicz, Henryk"]
[Black "Luczak, Filip"]
[Result "0-1"]
[WhiteTitle "I"]
[BlackTitle "I"]
[WhiteElo "1488"]
[BlackElo "1865"]

1. d4 Nf6 2. e3 g6 3. f4 Bg7 4. Nf3 d6 5. Bd3 Nbd7 6. c3 O-O 7. O-O Re8 8. e4 c5
9. e5 Nd5 10. Re1 e6 11. a3 cxd4 12. cxd4 dxe5 13. fxe5 f6 14. Kh1 fxe5 15. dxe5
Qc7 16. Qe2 b6 17. b4 Bb7 18. Bd2 Rac8 19. Ra2 Qb8 20. Bb5 Bc6 21. Bd3 Rf8 22.
Ng5 Nxe5 23. Ba6 Rce8 24. a4 Nf4 25. Bxf4 Rxf4 26. Bb5 Ng4 27. Nf3 Bxb5 28. axb5
Bd4 29. Rf1 Ne3 30. Rc1 Ng4 31. Rf1 e5 32. g3 Rf7 33. Ra3 Nf2+ 34. Kg2 Qc8 35.
Rxf2 Bxf2 36. Rc3 Qa8 37. Rc6 Bd4 38. Qc4 Qd8 39. Nbd2 Ref8 40. Ne4 Kh8 41. Nfg5
Rf2+ 42. Nxf2 Rxf2+ 43. Kh3 Qxg5 44. Rc8+ Kg7 45. Qg8+ Kh6 0-1

[Event "XIII MIEDZYNARODOWY FESTIWAL SZACHOWY PERLA BALTYKU - GRUPA A"]
[Site "LAZY - OW BRYZA"]
[Date "1899-12-30"]
[Round "1.24"]
[White "Szmidt, Przemyslaw"]
[Black "Plocica, Krzysztof"]
[Result "1-0"]
[WhiteTitle "I++"]
[BlackTitle "II"]
[WhiteElo "1856"]
[BlackElo "1439"]

1. e4 e5 2. Nf3 Nf6 3. Nxe5 d6 4. Nf3 Nxe4 5. c3 Nc6 6. d3 Nf6 7. d4 Be7 8. Bd3
O-O 9. h3 Be6 10. Bf4 Qd7 11. Qc2 Rfe8 12. Nbd2 Bf8 13. O-O h6 14. Rfe1 Ne7 15.
Ne4 Nxe4 16. Bxe4 c6 17. Rad1 Bf5 18. Bxf5 Nxf5 19. Qa4 Rxe1+ 20. Rxe1 Ne7 21.
Qa5 b6 22. Qa4 Re8 23. Qc2 Ng6 24. Rxe8 Qxe8 25. Bg3 Be7 26. Qa4 Qd7 27. d5 b5
28. dxc6 Qxc6 29. Qxa7 Bf6 30. Qb8+ Kh7 31. Qxd6 Qc4 32. a3 Qa4 33. Qb4 Qd1+ 34.
Kh2 Qd7 35. Nd4 1-0

[Event "XIII MIEDZYNARODOWY FESTIWAL SZACHOWY PERLA BALTYKU - GRUPA A"]
[Site "LAZY - OW BRYZA"]
[Date "1899-12-30"]
[Round "1.25"]
[White "Pisarek, Elzbieta"]
[Black "Pietrucha, Jaroslaw"]
[Result "0-1"]
[WhiteTitle "I"]
[BlackTitle "I"]
[WhiteElo "1397"]
[BlackElo "1847"]

1. e4 e5 2. Nf3 d6 3. d4 exd4 4. Nxd4 Nf6 5. Nc3 Be7 6. Bd3 Bd7 7. O-O Nc6 8. Nxc6
Bxc6 9. f4 O-O 10. Be3 Nd7 11. Nd5 Bxd5 12. exd5 Bf6 13. c3 Re8 14. Qf3 g6 15.
Rfe1 Bg7 16. Rad1 a6 17. Bf2 Rxe1+ 18. Rxe1 Qf8 19. Bc2 Re8 20. Rxe8 Qxe8 21.
g4 Qe7 22. h4 Nf6 23. h5 Qd7 24. hxg6 hxg6 25. f5 gxf5 26. gxf5 Qb5 27. Bb3 Qe8
28. Bc2 Kf8 29. Kg2 Qe5 30. Bb3 Qe4 31. Qxe4 Nxe4 32. Be3 Be5 33. Kh3 Nf6 34.
Bc1 Kg7 35. Kh4 Nd7 36. Bc2 Bf6+ 37. Kg4 Be7 38. b3 Nf6+ 39. Kf3 Nxd5 40. c4 Nf6
41. Bb2 Kf8 42. Bxf6 Bxf6 43. Ke4 c6 44. Ke3 Ke7 45. Be4 Bc3 46. Kd3 Bb4 47. a4
Kf6 48. Kd4 Bc5+ 49. Kc3 Ke5 50. Bc2 a5 51. Kd2 Kf4 52. Ke2 Bb4 53. Kf2 Bc5+ 54.
Ke2 Ke5 55. Kd2 Kd4 56. Kc1 f6 57. Kb2 Bb4 58. Bb1 Ke3 59. Kc1 Ke2 60. Kc2 d5
61. cxd5 cxd5 62. Kc1 b6 63. Kb2 d4 64. Kc1 d3 65. Bxd3+ Kxd3 0-1

[Event "XIII MIEDZYNARODOWY FESTIWAL SZACHOWY PERLA BALTYKU - GRUPA A"]
[Site "LAZY - OW BRYZA"]
[Date "1899-12-30"]
[Round "1.26"]
[White "Kosiba, Marcin"]
[Black "Bialek, Alicja"]
[Result "1-0"]
[WhiteTitle "II"]
[BlackTitle "I"]
[WhiteElo "1832"]
[BlackElo "1367"]

1. e4 c5 2. c3 Nf6 3. e5 Nd5 4. d4 cxd4 5. Nf3 Nc6 6. cxd4 e6 7. Nc3 Bb4 8. Bd2
Nxc3 9. bxc3 Be7 10. Bd3 d6 11. exd6 Qxd6 12. O-O O-O 13. Qc2 h6 14. Rfe1 b6 15.
Rac1 Bb7 16. Qd1 Rac8 17. Qe2 Rfe8 18. Qe4 g6 19. Qg4 h5 20. Qe4 Nb4 21. Qe2 Nxd3
22. Qxd3 Bf6 23. Ne5 Red8 24. Nxg6 Qc6 25. Nf4 e5 26. Qg3+ Kf8 27. Nxh5 Bh8 28.
Be3 Qd5 29. Bh6+ Ke8 30. Bg7 Bxg7 31. Qxg7 Qd6 32. Nf6+ Ke7 33. Rxe5+ Qxe5 34.
dxe5 Rxc3 35. Re1 Rdc8 36. h4 Rc1 37. Rxc1 Rxc1+ 38. Kh2 Rc2 39. Ng8+ Ke8 40.
Kg3 Rc3+ 41. f3 Rc6 42. h5 a5 43. Nh6 Rc7 44. Qg8+ Kd7 45. Qxf7+ 1-0

[Event "XIII MIEDZYNARODOWY FESTIWAL SZACHOWY PERLA BALTYKU - GRUPA A"]
[Site "LAZY - OW BRYZA"]
[Date "1899-12-30"]
[Round "1.27"]
[White "Bochniak, Jakub"]
[Black "Stylinski, Piotr"]
[Result "0-1"]
[WhiteTitle "III"]
[BlackTitle "I"]
[WhiteElo "1352"]
[BlackElo "1815"]

1. e4 e5 2. d4 exd4 3. Qxd4 Nc6 4. Qd1 Nf6 5. Bd3 Bc5 6. Bg5 d6 7. Nc3 h6 8. Bh4
Be6 9. Nge2 Ne5 10. Qd2 Nc4 11. Bxc4 Bxc4 12. a3 a5 13. Nd4 Nxe4 14. Nf5 Qxh4
15. O-O-O Nxd2 16. Rhe1+ Qe4 17. Kxd2 Qxe1+ 18. Rxe1+ Kf8 19. Re4 Be6 20. Nd4
Bxd4 21. Rxd4 Ke7 22. Re4 Kd7 23. h3 Rhe8 24. g4 f5 25. Rf4 g5 26. Rf3 fxg4 27.
hxg4 Bxg4 28. Rf6 Re6 29. Nd5 Rae8 30. Rf7+ R8e7 31. Rxe7+ Rxe7 32. Nf6+ Ke6 33.
Nxg4 h5 34. Ne3 g4 35. Ke2 Kf6 36. Kf1 Rxe3 37. fxe3 h4 38. Kg2 Kf5 39. Kf2 Ke4
40. b4 axb4 41. axb4 g3+ 0-1